书目信息 |
| 题名: |
木拱廊桥营造技艺
|
|
| 作者: | 吴卓珈, 著 | |
| 分册: | ||
| 出版信息: | 北京 中国书籍出版社 2020.11 |
|
| 页数: | 219页 | |
| 开本: | 24cm | |
| 丛书名: | 中国书籍学术之光文库 | |
| 单 册: | ||
| 中图分类: | U448.31 | |
| 科图分类: | ||
| 主题词: | 木桥--mu qiao--拱桥--建筑艺术--中国 | |
| 电子资源: | ||
| ISBN: | 978-7-5068-7727-5 | |
| 000 | 01419nam 2200325 450 | |
| 001 | 202021194434 | |
| 005 | 20211025120147.0 | |
| 010 | @a978-7-5068-7727-5@b精装@dCNY78.00 | |
| 092 | @aCN@bRt971-0602 | |
| 100 | @a20211005d2020 em y0chiy50 ea | |
| 101 | 0 | @achi |
| 102 | @aCN@b110000 | |
| 105 | @aa z 000yy | |
| 106 | @ar | |
| 200 | 1 | @a木拱廊桥营造技艺@Amu gong lang qiao ying zao ji yi@e传承人口述实录@f吴卓珈著 |
| 210 | @a北京@c中国书籍出版社@d2020.11 | |
| 215 | @a219页@c图@d24cm | |
| 225 | 2 | @a中国书籍学术之光文库@Azhong guo shu ji xue shu zhi guang wen ku |
| 300 | @a本书为浙江省哲学社会科学发展规划领导小组课题“浙南木拱廊桥传承人口述实录”成果 本书获浙江建设职业技术学院资助 | |
| 314 | @a吴卓珈, 1971年生, 浙江庆元人, 硕士, 教授, 教授级高级工程师。 | |
| 330 | @a本书介绍了目前全国廊桥的分布及基本情况, 中外廊桥的简单发展历史。对浙南的廊桥现状做了介绍, 从泰顺廊桥、景宁廊桥、庆元廊桥、龙泉廊桥、其他廊桥的分布概况。对于传承人吴复勇、胡淼、曾家快、郑昌贵、赖永斌、郑多雄等进行了采访, 并综合表达了对他们技艺廊桥的过程、经历、感受、思想等。 | |
| 410 | 0 | @12001 @a中国书籍学术之光文库 |
| 517 | 1 | @a传承人口述实录@Achuan cheng ren kou shu shi lu |
| 606 | 0 | @a木桥@Amu qiao@x拱桥@x建筑艺术@y中国 |
| 690 | @aU448.31@v5 | |
| 701 | 0 | @a吴卓珈,@Awu zhuo jia@f1971-@4著 |
| 801 | 0 | @aCN@c20210909 |
| 901 | @a中国书籍出版社 | |
| 905 | @a河南城建学院图书馆@dU448.31@eW922 | |
| 997 | @a期货 | |
| 木拱廊桥营造技艺:传承人口述实录/吴卓珈著.-北京:中国书籍出版社,2020.11 |
| 219页:图;24cm.-(中国书籍学术之光文库) |
| 本书为浙江省哲学社会科学发展规划领导小组课题“浙南木拱廊桥传承人口述实录”成果 本书获浙江建设职业技术学院资助 |
| ISBN 978-7-5068-7727-5(精装):CNY78.00 |
| 本书介绍了目前全国廊桥的分布及基本情况, 中外廊桥的简单发展历史。对浙南的廊桥现状做了介绍, 从泰顺廊桥、景宁廊桥、庆元廊桥、龙泉廊桥、其他廊桥的分布概况。对于传承人吴复勇、胡淼、曾家快、郑昌贵、赖永斌、郑多雄等进行了采访, 并综合表达了对他们技艺廊桥的过程、经历、感受、思想等。 |
| ● |
| 相关链接 |
|
|
|
正题名:木拱廊桥营造技艺
索取号:U448.31/W922
 
预约/预借
| 序号 | 登录号 | 条形码 | 馆藏地/架位号 | 状态 | 备注 |
| 1 | 1543535 | 215435358 | 自科库501/501自科库 55排4列1层/ [索取号:U448.31/W922] | 在馆 | |
| 2 | 1543536 | 215435367 | 自科库501/501自科库 55排4列1层/ [索取号:U448.31/W922] | 在馆 |